| 000 | 00729nam a2200229Ia 4500 | ||
|---|---|---|---|
| 003 | GCL | ||
| 008 | 140319s9999 xx 000 0 ara d | ||
| 040 |
_aGCL / _cGCL |
||
| 082 | 0 | 4 |
_a591.33 _bهـ ا |
| 100 | 1 | _aهويتز، الفريد ف. | |
| 245 | 1 | 0 |
_aالاساسيات فى علم تكوين الجنين للفقاريات / _cهويتز، الفريد ف. |
| 700 | 1 | _aشكرالله نخلة سدره | |
| 700 | 1 | _aعبدالمجيد عبدالوهاب | |
| 260 |
_a[S.N] : _bدار نهضة مصر للطبع والنشر |
||
| 300 | _a369 ص | ||
| 490 | _a | ||
| 650 | 0 | 4 | _aالعلم |
| 650 | 0 | 4 | _aالاجنة |
| 650 | 0 | 4 | _aالحيوان |
| 650 | 0 | 4 | _aالاجنة التشريحية |
| 942 |
_2ddc _cBK |
||
| 999 |
_c30610 _d30610 |
||